000 00424nam a22001697a 4500
003 OSt
005 20260606103635.0
008 260606b |||||||| |||| 00| 0 eng d
020 _a9789355424976
082 _a006.31 KAD
100 _aKAABAR,Sofien
245 _aDeep Learning for Finance
250 _a1st Ed Rep
260 _aNew Delhi
_bShroff Publishers and Distributors
_c2024
300 _a344p.
942 _2ddc
_cREF
999 _c14003
_d14003